000 00654nam a2200205 a 4500
005 20240626063658.0
008 991125s1979 es 000 0 spa u
020 _a8470460781
035 _aUPN01000002610
049 _aCG
050 4 _aLB1187
_bK4.28
100 1 _aKellogg, Rhoda,
_dn. 1898
245 1 0 _aAnálisis de la expresión plástica del preescolar /
_cRhoda Kellogg ; tr. Diorki.
260 _aMadrid :
_bCincel :
_bKapelusz,
_c1979.
300 _a308 p. :
_bil.
440 0 _aBiblioteca de psicología y educación ;
_v1
650 4 _aActividades creativas y trabajos preescolares
_9138
650 4 _aNIÑOS EN EL ARTE
_96654
905 _aLibro
999 _c2610
_d2610